Guess WWE Wrestlers's Nickname - Statistics

General Stats
  • This quiz has been taken 48 times
  • The average score is 50 of 80
Answer Stats
Hint Answer % Correct
"The Apex Predator' Randy Orton
95%
"The Tribal Chief" Roman Reigns
90%
"The Deadman" The Undertaker
90%
"The Doctor of Thuganomics" John Cena
88%
"The Heart Break Kid" Shawn Michaels
88%
"The Texas Rattlesnake" Stone Cold Steve Austin
88%
"The World's Largest Athlete" Big Show
86%
"The Hitman" Bret Hart
86%
"The Beast Incarnate" Brock Lesnar
86%
"The Rated R Superstar" Edge
86%
"The Celtic Warrior" Sheamus
86%
"The Macho Man" Randy Savage
83%
"The Cerebral Assassin' Triple H
83%
"Latino Heat" Eddie Guerrero
81%
"The Nature Boy" Ric Flair
81%
"The Phenomenal One" AJ Styles
79%
"Y2J" Chris Jericho
79%
"The American Nightmare" Cody Rhodes
79%
"The American Dream" Dusty Rhodes
79%
"The Animal" Batista
76%
"Main Event" Jey Uso
76%
"The Brahma Bull" The Rock
76%
"The Scottish Warrior" Drew McIntyre
74%
"The Ring General" Gunther
74%
"The Devil's Favorite Demon" Kane
74%
"The Olympic Gold Medalist" Kurt Angle
74%
"The Monster Among Men" Braun Strowman
71%
"Superfly" Jimmy Snuka
71%
"Sexual Chocolate" Mark Henry
71%
"The Architect" Seth Rollins
71%
"The Eighth Wonder of the World" Andre The Giant
69%
"The Best In The World" CM Punk
69%
"The Lunatic Fringe" Dean Ambrose
69%
"The Man" Becky Lynch
67%
"The Queen" Charlotte Flair
64%
"The Immortal" Hulk Hogan
64%
"The Million Dollar Man" Ted DiBiase
64%
"A-Town Down" Austin Theory
62%
"The Swiss Superman" Cesaro
62%
"Mami" Rhea Ripley
62%
"The Glamazon" Beth Phoenix
60%
"The Almighty" Bobby Lashley
60%
"The Eater of Worlds" Bray Wyatt
60%
"Honorary Uce" Sami Zayn
60%
"The Glorious One" Bobby Roode
57%
"The Anvil Jim Neidhart
57%
"The Genius of The Sky" Iyo Sky
57%
"The Modern Day Maharaja" Jinder Mahal
57%
"The Bulgarian Brute" Rusev
57%
"Bad News" Wade Barret
57%
"Big Daddy Cool" Kevin Nash
55%
"The Megastar" LA Knight
55%
"The Glow" Naomi
55%
"The Punjabi Playboy" The Great Khali
55%
"Stratusfaction" Trish Stratus
55%
"Dirty" Dominik Mysterio
52%
"The Charismatic Enigma" Jeff Hardy
52%
"The Icon" Sting
52%
"The EST of WWE" Bianca Belair
50%
"The American Dragon" Daniel Bryan
50%
"The Irresistible Force" Nia Jax
50%
"The Samoan Bulldozer" Umaga
50%
"The Empress of Tomorrow" Asuka
48%
"The Maverick" Logan Paul
48%
"The Bizzare One" Goldust
45%
"El Zero Miedo" Penta
45%
"The Baddest Woman on the Planet" Ronda Rousey
45%
"The Bad Guy" Scott Hall
45%
"Role Model" Bayley
43%
"HIM" Carmelo Hayes
43%
"The Prince" Finn Balor
43%
"The Boss" Sasha Banks
43%
"Captain Charisma" Christian Cage
40%
"Five Feet of Fury" Alexa Bliss
38%
"The Prodigy" Roxanne Perez
38%
"The Anvilette" Natalya
36%
"Freakzilla" Scott Steiner
26%
"The Fearless One" Nikki Bella
24%
"MFT" Tama Tonga
19%
"The Big Guy" Rayback
10%
No matching quizzes found
Score Distribution
Percent of People with Each Score
Percentile by Number Answered
Your Score History
You have not taken this quiz